000 01000nam a22003137a 4500
001 BR9604719
003 BR-BrBNA
005 20230928095236.0
007 ta
008 230509b bl.||||| |||| 00| 0 por d
040 _aBR-BrBNA
_bpor
_cBiblioteca Nacional de Agricultura
041 _a(Por)
072 _aQ02
_b9140
090 _ 9140 BR9604719
100 1 _aGomes, C.A.O.
110 1 _aUniversidade Federal Rural do Rio de Janeiro, Itaguai (Brasil)
_0Tese (Mestre em Ciencia e Tecnologia de Alimentos)
_911225
245 1 _aProducao de enzimas despolimerizantes por fermentacao em meio semi-solido por Aspergillus niger mutante 3T5B8
260 3 _aItaguai, RJ (Brasil):
_c1995.
300 _a78 p.
500 _aSummaries (Eng, Por); Bibliography p. 70-78; 11 illus.
650 _aSuco
650 _aLaranja
650 _aFermentacao
650 _aAtividade Enzimica
650 _aClarificacao
650 _aOleo Vegetal
909 _a202309
_bLucia
_c55
_dLucia Elande
942 _cBK
999 _c55386
_d55386